<?xml version="1.0" encoding="UTF-8"?>
<record
    xmlns:xsi="http://www.w3.org/2001/XMLSchema-instance"
    xsi:schemaLocation="http://www.loc.gov/MARC21/slim http://www.loc.gov/standards/marcxml/schema/MARC21slim.xsd"
    xmlns="http://www.loc.gov/MARC21/slim">

  <leader>00431nam a22001577a 4500</leader>
  <controlfield tag="005">20230817123217.0</controlfield>
  <controlfield tag="008">230817b        sa ||||| |||| 00| 0 eng d</controlfield>
  <datafield tag="020" ind1=" " ind2=" ">
    <subfield code="a">9781430718697</subfield>
    <subfield code="q">pbk</subfield>
  </datafield>
  <datafield tag="040" ind1=" " ind2=" ">
    <subfield code="a">RDA</subfield>
    <subfield code="c">3228</subfield>
  </datafield>
  <datafield tag="082" ind1=" " ind2=" ">
    <subfield code="a">SWA F JELE</subfield>
  </datafield>
  <datafield tag="100" ind1=" " ind2=" ">
    <subfield code="a">Jele, P.T</subfield>
    <subfield code="9">74895</subfield>
  </datafield>
  <datafield tag="245" ind1=" " ind2=" ">
    <subfield code="a">Emagagu akusasa</subfield>
  </datafield>
  <datafield tag="260" ind1=" " ind2=" ">
    <subfield code="a">Florida Hills:</subfield>
    <subfield code="b">Vivlia Publishers,</subfield>
    <subfield code="c">2013</subfield>
  </datafield>
  <datafield tag="300" ind1=" " ind2=" ">
    <subfield code="a">52 Pages</subfield>
    <subfield code="b">coloured Illustrations</subfield>
    <subfield code="c">21 cm</subfield>
  </datafield>
  <datafield tag="942" ind1=" " ind2=" ">
    <subfield code="2">ddc</subfield>
    <subfield code="c">BOOK</subfield>
    <subfield code="w">162</subfield>
    <subfield code="x">Elsie Maluleke</subfield>
    <subfield code="y">162</subfield>
    <subfield code="z">Elsie Maluleke</subfield>
  </datafield>
  <datafield tag="999" ind1=" " ind2=" ">
    <subfield code="c">756490</subfield>
    <subfield code="d">756489</subfield>
  </datafield>
  <datafield tag="952" ind1=" " ind2=" ">
    <subfield code="0">0</subfield>
    <subfield code="1">0</subfield>
    <subfield code="2">ddc</subfield>
    <subfield code="4">0</subfield>
    <subfield code="7">0</subfield>
    <subfield code="a">LYDEL</subfield>
    <subfield code="b">HLHLL</subfield>
    <subfield code="d">2023-08-17</subfield>
    <subfield code="l">0</subfield>
    <subfield code="o">SWA F JELE</subfield>
    <subfield code="p">33228031026714</subfield>
    <subfield code="r">2023-08-17</subfield>
    <subfield code="w">2023-08-17</subfield>
    <subfield code="y">BOOK</subfield>
  </datafield>
  <datafield tag="952" ind1=" " ind2=" ">
    <subfield code="0">0</subfield>
    <subfield code="1">0</subfield>
    <subfield code="2">ddc</subfield>
    <subfield code="4">0</subfield>
    <subfield code="7">0</subfield>
    <subfield code="8">800</subfield>
    <subfield code="a">SILIL</subfield>
    <subfield code="b">SILIL</subfield>
    <subfield code="c">CHILD</subfield>
    <subfield code="d">2024-11-27</subfield>
    <subfield code="g">87.00</subfield>
    <subfield code="l">0</subfield>
    <subfield code="o">SWA  J 896.39873 JELE</subfield>
    <subfield code="p">3322803175560</subfield>
    <subfield code="r">2024-11-27</subfield>
    <subfield code="w">2024-11-27</subfield>
    <subfield code="y">BOOK</subfield>
  </datafield>
  <datafield tag="952" ind1=" " ind2=" ">
    <subfield code="0">0</subfield>
    <subfield code="1">0</subfield>
    <subfield code="2">ddc</subfield>
    <subfield code="4">0</subfield>
    <subfield code="7">0</subfield>
    <subfield code="8">800</subfield>
    <subfield code="a">SILIL</subfield>
    <subfield code="b">SILIL</subfield>
    <subfield code="c">CHILD</subfield>
    <subfield code="d">2024-11-27</subfield>
    <subfield code="g">87.00</subfield>
    <subfield code="l">0</subfield>
    <subfield code="o">SWA  J 896.39873 JELE</subfield>
    <subfield code="p">3322803175569</subfield>
    <subfield code="r">2024-11-27</subfield>
    <subfield code="w">2024-11-27</subfield>
    <subfield code="y">BOOK</subfield>
  </datafield>
  <datafield tag="952" ind1=" " ind2=" ">
    <subfield code="0">0</subfield>
    <subfield code="1">0</subfield>
    <subfield code="2">ddc</subfield>
    <subfield code="4">0</subfield>
    <subfield code="7">0</subfield>
    <subfield code="8">800</subfield>
    <subfield code="a">SILIL</subfield>
    <subfield code="b">SILIL</subfield>
    <subfield code="c">CHILD</subfield>
    <subfield code="d">2024-11-27</subfield>
    <subfield code="g">87.00</subfield>
    <subfield code="l">0</subfield>
    <subfield code="o">SWA  J 896.39873 JELE</subfield>
    <subfield code="p">3322803175476</subfield>
    <subfield code="r">2024-11-29</subfield>
    <subfield code="w">2024-11-27</subfield>
    <subfield code="y">BOOK</subfield>
  </datafield>
  <datafield tag="952" ind1=" " ind2=" ">
    <subfield code="0">0</subfield>
    <subfield code="1">0</subfield>
    <subfield code="2">ddc</subfield>
    <subfield code="4">0</subfield>
    <subfield code="7">0</subfield>
    <subfield code="8">800</subfield>
    <subfield code="a">BREYL</subfield>
    <subfield code="b">BREYL</subfield>
    <subfield code="c">CHILD</subfield>
    <subfield code="d">2025-02-12</subfield>
    <subfield code="g">87.00</subfield>
    <subfield code="l">0</subfield>
    <subfield code="o">SWA J 896.39873 JELE</subfield>
    <subfield code="p">3322803175191</subfield>
    <subfield code="r">2025-02-12</subfield>
    <subfield code="w">2025-02-12</subfield>
    <subfield code="y">BOOK</subfield>
  </datafield>
  <datafield tag="952" ind1=" " ind2=" ">
    <subfield code="0">0</subfield>
    <subfield code="1">0</subfield>
    <subfield code="2">ddc</subfield>
    <subfield code="4">0</subfield>
    <subfield code="7">0</subfield>
    <subfield code="8">F</subfield>
    <subfield code="a">MKHWL</subfield>
    <subfield code="b">MKHWL</subfield>
    <subfield code="c">CHILD</subfield>
    <subfield code="d">2025-02-17</subfield>
    <subfield code="g">85.00</subfield>
    <subfield code="l">0</subfield>
    <subfield code="o">SWA F JELE</subfield>
    <subfield code="p">3322803174962</subfield>
    <subfield code="r">2025-02-17</subfield>
    <subfield code="w">2025-02-17</subfield>
    <subfield code="y">BOOK</subfield>
  </datafield>
</record>
